Prejednávanie a rozhodovanie hospodárskych sporov súdmi hospodárska arbitráž a rozhodovanie hospodárskych sporov

Guardado en:
Detalles Bibliográficos
Autor principal: Vajda, Juraj
Formato: Libro
Lenguaje:eslovaco
Publicado: Bratislava Ústav hospodárskeho práva 1983
Colección:Výzkumné práce č. 99
Etiquetas: Agregar Etiqueta
Sin Etiquetas, Sea el primero en etiquetar este registro!

MARC

LEADER 00000nam a2200000 4500
001 c106225
005 20200722091457.7
041 0 |a slo 
044 |a SK 
245 1 0 |a Prejednávanie a rozhodovanie hospodárskych sporov súdmi  |b hospodárska arbitráž a rozhodovanie hospodárskych sporov  |c Juraj Vajda 
264 1 |a Bratislava  |b Ústav hospodárskeho práva  |c 1983 
300 |a 62 s. 
490 1 |a Výzkumné práce  |v č. 99 
830 0 |a Výzkumné práce  |v č. 99 
100 1 |a Vajda, Juraj